00000000nam##2200000za#4500
0019.527144
003CaOODSP
00520200327093212
007ta
008150406|1996||||xxc|||||     f|0| 0 eng|d
020 |a0-662-62357-6
040 |aCaOODSP|beng
041 |aeng
041 |afre
043 |an-cn---
0861 |aSC94-57/9-1996
1101 |aCanada.|bCanadian Centre for Management Development.
24510|aGoverning in the millennium : |bhow much less government? / |cby Arthur Kroeger.
260 |aOttawa - Ontario : |bCanadian Centre for Management Development |c1996.
300 |aEnglish text, iv, 24p. : |breferences ; |c28 cm.
4901 |aExplorations|vNo. 9
500 |aContents: Introduction.--How we got here.--Contemporary constraints.--The shift in public attitudes.--The social deficit.--Some specifically Canadian issues.--Some speculations about the future.--Conclusion.--Notes.
563 |aRing binding
590 |a97-06|b1997-02-07
69007|aManagement|2gcpds
69007|aPublic service|2gcpds
7201 |aKroeger, Arthur
7760#|tGoverning in the millennium : |w(CaOODSP)9.573343
7760#|tLa gestion publique dans le nouveau millénaire : |w(CaOODSP)9.603525
792 |tLa gestion publique dans le nouveau millénaire : |efre|w(CaOODSP)9.527145
830#0|aExplorations ;|vNo. 9|w(CaOODSP)9.509632
986 |aP64E